000 00891nam a2200253Ia 4500
003 OSt
005 20220923211016.0
006 a|||||r|||| 00| 0
007 ta
008 220922b |||||||| |||| 00| 0 hin d
020 _a8170554004 (hbk)
_c295
024 _a242,009
037 _b479, 26/02/2010, Vani Prakashan
_cTextual
040 _aARTS
_cARTS
_bhin
041 _2hin
_ahin
082 _aO152,6N268x, P8
100 _aकपूर, मस्तराम
_9157103
245 0 _aअस्तित्ववाद से गांधीवाद तक
246 _aAstitvavād se gāandhīvād taka
260 _aनयी दिल्ली
_b वाणी प्रकाशन
_c2008
300 _a223पृ.
_ccm.
942 _hO152,6N268x, P8
_cTEXL
_2CC
999 _c293854
_d293854